| 000 | 01526nam a2200265 i 4500 | ||
|---|---|---|---|
| 001 | 000006717 | ||
| 003 | DO-SdBNP | ||
| 005 | 20240927073746.0 | ||
| 007 | ta | ||
| 008 | 090902s1982 dr 001 0 spa d | ||
| 040 |
_aDO-SdBNP _bspa _cBNPHU _erda |
||
| 082 | 4 |
_bP962i _222 |
|
| 245 | 0 | 4 |
_aLos problemas de la institucionalización y preservación de la democracia en la República Dominica / _cedición Jeannette Canals ; composición y diagramación, Ninón León de Seleme |
| 264 |
_aSanto Domingo : _bAmigo del Hogar, _c1982. |
||
| 300 |
_a173 p. ; _c22 cm. |
||
| 490 | 1 |
_aDemocracia : _aForum _v2 |
|
| 500 | _aExpositores : Joaquín Ricardo -- Rafael Alburquerque -- José del Castillo -- José Francisco Peña Gómez -- Narciso Isa Conde. | ||
| 504 | _aBibliografía: página (161) | ||
| 505 | 1 |
_aPresentación. _gIntroducción. _tLa preservación y la institucionalización de la democracia. por Joaquín Balaguer.-- _tPersonalismo, caudillismo y democracia. por Rafael Alburquerque.-- _tEl proceso electoral contemporáneo en la República Dominicana. por José del Castillo.-- _tLa democracia y principio de la no reelección. por José Francisco Peña Gómez.-- _tDemocracia y clases sociales. por Narciso Isa Conde. |
|
| 600 | 1 | 0 |
_a Balaguer, Joaquín, _d1906-2002 _tLa preservación y la institucionalización de la democracia _976556 |
| 700 | 1 |
_aCanals, Jeanntte _eeditora _918694 |
|
| 700 | 1 |
_aLeón de Seleme , Ninón _ecomposición y diagramación, _977590 |
|
| 830 | 0 |
_aForum ; _vNo. 2 _97075 |
|
| 942 |
_2ddc _cLBS1 |
||
| 999 |
_c6506 _d6506 |
||